|
|
|
|
| LEADER |
01017nam a2200253 a 4500 |
| 001 |
4802780 |
| 008 |
100106s1989 enk 000 1 eng d |
| 010 |
|
|
|a 88029782
|
| 020 |
|
|
|a 8185107610
|
| 040 |
|
|
|a DLC
|c DLC
|d DLC
|d OCoLC
|
| 082 |
0 |
0 |
|a 892/.736
|2 19
|
| 100 |
1 |
|
|a Saʻdāwī, Nawāl.
|
| 240 |
1 |
0 |
|a Ughniyat al-aṭfāl al-dāʼirīyah.
|l English
|
| 245 |
1 |
4 |
|a Women at Point Zero & The circling song /
|c Nawal El Saadawi.
|
| 260 |
|
|
|a London, U.K. ;
|a Atlantic Highlands, N.J., USA :
|b Zed Books, ;
|a New Delhi :
|b Kali for Women,
|c 1989.
|
| 300 |
|
|
|a vi, 198 p. ;
|c 20 cm.
|
| 500 |
|
|
|a "Translated from the Arabic."
|
| 500 |
|
|
|a Translation of: Ughniyat al-aṭfāl al-dāʼirīyah.
|
| 541 |
1 |
|
|e 00007514
|
| 650 |
|
0 |
|a Twins
|x Fiction.
|
| 651 |
|
0 |
|a Egypt
|x Fiction.
|
| 852 |
4 |
|
|a Ayesha Abed Library
|j General shelf
|
| 999 |
|
|
|c 6770
|d 6770
|
| 952 |
|
|
|0 0
|1 0
|2 ddc
|4 0
|6 892_736000000000000_SAD_1989
|7 0
|9 6956
|a BRACUL
|b BRACUL
|c GEN
|d 2010-01-07
|l 4
|m 5
|o 892.736 SAD
|p 3010007514
|r 2017-04-17
|s 2017-02-19
|t 1
|w 2010-01-07
|y BK
|